| 000 | 00346nam a2200133 4500 | ||
|---|---|---|---|
| 005 | 20260530113900.0 | ||
| 100 | 1 |
_aQuorum _932237 |
|
| 245 | 1 | 0 | _aFray Gabriel Chavez de la Mora |
| 264 | 1 |
_bBiblioteca de Diseño Quorum _c2011 |
|
| 300 | _a90 páginas | ||
| 336 |
_atexto _2rdacontent |
||
| 337 |
_asin medio _2rdamedia |
||
| 338 |
_avolumen _2rdacarrier |
||
| 999 |
_c11769 _d11769 |
||